Представление документа в формате MARC21

ПолеНазваниеЗначение
  Тип записи a
  Библиографический уровень m
001 Контрольный номер RU\infra-m\znanium\bibl\1058850
005 Дата корректировки 20230313235239.8
008 Кодируемые данные 221227s2021 RU g rus u
020 Индекс ISBN __
a ISBN 978-5-16-015140-3
020 Индекс ISBN __
a ISBN 978-5-16-108180-8
040 Источник каталогиз. __
a Служба первич. каталог. Общество с ограниченной ответственностью «ЗНАНИУМ»
041 Код языка издания __
a Код языка текста rus
044 Код страны публикации __
a Код страны публикации RU
080 Индекс УДК __
a Индекс УДК 621.432(075.8)
084 Индекс другой классификации/Индекс ББК __
2 Источник индекса rubbk
a Индекс другой классификации/Индекс ББК 31.365я73
084 Индекс другой классификации/Индекс ББК __
2 Источник индекса okso
a Индекс другой классификации/Индекс ББК 23.03.02
100 Автор __
a Автор Вальехо Мальдонадо Пабло Рамон
q Полное имя Мальдонадо Пабло Рамон
245 Заглавие __
a Заглавие Расчет кинематики и динамики рядных поршневых двигателей
b Продолж. заглавия Учебное пособие
c Ответственность Российский университет дружбы народов; Московский государственный технический университет им. Н.Э. Баумана
250 Сведения об издании __
a Основные сведения об издании 1
260 Выходные данные __
a Место издания Москва
b Издательство ООО "Научно-издательский центр ИНФРА-М"
c Дата издания 2022
300 Физическое описание __
a Объем 259 с.
440 Серия __
a Серия Высшее образование: Магистратура
520 Аннотация __
a Аннотация В учебном пособии рассмотрены кинематика и динамика рядных поршневых двигателей внутреннего сгорания с аксиальным и дезаксиальным кривошипно-шатунным механизмом. Приведен необходимый материал для расчета сил и моментов действующих в двигателе рассмотрены уравновешивание двигателей построение векторных диаграмм давления на подшипники коленчатого вала приведены примеры расчетов.
521 Примеч. о цел. назн. __
a Примеч. о целев. назн. ВО - Бакалавриат
650 Тематические рубрики __
a Основная рубрика Промышленность. Энергетика
x Основная подрубрика Электроэнергетика. Электротехника
700 Другие авторы __
a Другие авторы Чайнов Николай Дмитриевич
q Полное имя Николай Дмитриевич
856 Электронный адрес документа 4_
a Имя сервера/домена znanium.com
m Помощь ebs_support@infra-m.ru
n Местонахождение сервера НИЦ ИНФРА-М
u URL https://znanium.com/catalog/document?id=386726
856 Электронный адрес документа 41
a Имя сервера/домена znanium.com
d Путь /cover/1058
f Электронное имя 1058850.jpg
q Тип электронного формата image/jpeg
u URL https://znanium.com/cover/1058/1058850.jpg
911 __
u 0030=https://znanium.com/catalog/document?id=386726
911 __
u 608a=Учебное пособие
u 6082=local
911 __
u 712a=Московский государственный технический университет им. Н.Э. Баумана
911 __
u 9038=850
911 __
u 951p=s://znanium.com/catalog/document?id=386726&pid=